LIBRARY ONLINE CATALOGUE

Romans : (Record no. 21042)

MARC details
000 -LEADER
fixed length control field 01498cam a22003734a 4500
001 - CONTROL NUMBER
control field 15374004
003 - CONTROL NUMBER IDENTIFIER
control field OSt
005 - DATE AND TIME OF LATEST TRANSACTION
control field 20251211143411.0
008 - FIXED-LENGTH DATA ELEMENTS--GENERAL INFORMATION
fixed length control field 080721r20081985enk b 000 0 eng
010 ## - LIBRARY OF CONGRESS CONTROL NUMBER
LC control number 2008031511
020 ## - INTERNATIONAL STANDARD BOOK NUMBER
International Standard Book Number 9780830842360
Qualifying information pbk. : alk. paper
035 ## - SYSTEM CONTROL NUMBER
System control number 15374004
040 ## - CATALOGING SOURCE
Original cataloging agency DLC
Transcribing agency DLC
Modifying agency DLC
050 00 - LIBRARY OF CONGRESS CALL NUMBER
Classification number BS2665.53
Item number .B78 2008
082 00 - DEWEY DECIMAL CLASSIFICATION NUMBER
Classification number 227/.107
Edition number 22
100 1# - MAIN ENTRY--PERSONAL NAME
Personal name Bruce, F. F.
Fuller form of name (Frederick Fyvie),
Dates associated with a name 1910-1990.
240 10 - UNIFORM TITLE
Uniform title Letter of Paul to the Romans
245 10 - TITLE STATEMENT
Title Romans :
Remainder of title an introduction and commentary /
Statement of responsibility, etc. F.F. Bruce.
260 ## - PUBLICATION, DISTRIBUTION, ETC. (IMPRINT)
Place of publication, distribution, etc. Nottingham, England :
Name of publisher, distributor, etc. Inter-Varsity Press ;
Place of publication, distribution, etc. Downers Grove, Ill. :
Name of publisher, distributor, etc. Intervarsity Press,
Date of publication, distribution, etc. [2008]
300 ## - PHYSICAL DESCRIPTION
Extent 283 p. ;
Dimensions 21 cm.
336 ## - CONTENT TYPE
Content type term text
Content type code txt
Source rdacontent
337 ## - MEDIA TYPE
Media type term unmediated
Media type code n
Source rdamedia
338 ## - CARRIER TYPE
Carrier type term volume
Carrier type code nc
Source rdacarrier
490 0# - SERIES STATEMENT
Series statement Tyndale New Testament commentaries ;
Volume/sequential designation v. 6
500 ## - GENERAL NOTE
General note Originally published: The letter of Paul to the Romans. 1985.
504 ## - BIBLIOGRAPHY, ETC. NOTE
Bibliography, etc Includes bibliographical references.
630 00 - SUBJECT ADDED ENTRY--UNIFORM TITLE
Uniform title Bible.
Name of part/section of a work Romans
Form subdivision Commentaries.
655 #7 - INDEX TERM--GENRE/FORM
Genre/form data or focus term Commentaries.
Source of term lcgft
Authority record control number https://id.loc.gov/authorities/genreForms/gf2025026014
856 41 - ELECTRONIC LOCATION AND ACCESS
Materials specified Table of contents only
Uniform Resource Identifier <a href="http://www.loc.gov/catdir/toc/ecip0823/2008031511.html">http://www.loc.gov/catdir/toc/ecip0823/2008031511.html</a>
906 ## - LOCAL DATA ELEMENT F, LDF (RLIN)
a 7
b cbc
c orignew
d 1
e ecip
f 20
g y-gencatlg
942 ## - ADDED ENTRY ELEMENTS (KOHA)
Source of classification or shelving scheme Library of Congress Classification
Koha item type General Collection
Holdings
Withdrawn status Lost status Source of classification or shelving scheme Not for loan Home library Current library Shelving location Date acquired Source of acquisition Inventory number Total Checkouts Full call number Barcode Date last seen Date last checked out Copy number Price effective from Koha item type
    Library of Congress Classification   Kabarak, Main Campus Kabarak, Main Campus General Stacks 11/12/2025 Donation 2025/2186 1 BS2665.53 .B78 2008 C.1 39229 19/02/2026 05/02/2026 C.1 11/12/2025 General Collection